| 000 | 00388nam a22001337a 4500 | ||
|---|---|---|---|
| 082 |
_a526.8 _bCUN _cL-tech, P-107, |
||
| 100 |
_aCUNNINGHAM, A.H, _939602 |
||
| 245 |
_aNotes on the reproduction of maps and plans in the field _bCAPTAIN, A.H CUNNINGHAM, R.E, |
||
| 260 | _c1906 | ||
| 300 | _a29p, | ||
| 526 |
_a0 _b0 _c0 _d526_800000000000000_CUN |
||
| 650 |
_aMCE _9379 |
||
| 942 |
_2ddc _cBK |
||
| 999 |
_c544064 _d544064 |
||